=LDR 00000nam 2200000 4500 =001 INLIS000000000002329 =005 20200615073921 =035 ##$$a 0010-061300000002329 =008 200615################g##########0#ind## =041 ##$$a Ind =082 ##$$a 2x0.095 98 =090 ##$$a 959.8, Ste k =100 1#$$a Steenbrink,Karel =245 1#$$a Kawan dalam pertikaian kaum kolonial belanda dan islam di Indonesia ( 1596-1942 ) /$c Karel Steenbrink; Penerjemah: Drs. Suryan A. Jamrah,M.A. =260 ##$$a Jakarta :$b Mizan,$c 1995 =300 ##$$a xxviii,254 hlm : $b ilus ; $c 20 x 14 cm =650 #4$$a Islam =650 #4$$a Indonesia - sejarah =850 ##$$a NBPNMAT =084 ##$$a 2x0. 095 98 STE k =500 ##$$a Indeks: halaman 249-254 =504 ##$$a Bibliogradi: halaman 229-247 =250 ##$$a cet.1 =990 ##$$a 111.855/Pro.97 =990 ##$$a 99.699/Pro-96 =990 ##$$a 99.697/Pro-96 =990 ##$$a 99.697/Pro-96 =990 ##$$a 111.855/Pro.97 =990 ##$$a 99.699/Pro-96 =990 ##$$a 99.699/Pro-96 =990 ##$$a 111.855/Pro.97 =990 ##$$a 99.697/Pro-96 =990 ##$$a 111.855/Pro.97 =990 ##$$a 99.699/Pro-96 =990 ##$$a 99.697/Pro-96